000 00358nam a2200145Ia 4500
008 220120s9999||||xx |||||||||||||| ||und||
020 _a9780120334250
082 _a620.3 RAO
100 _aRao, Singiresu S
245 0 _aMechanical Vibrations
250 _a4th
260 _aPearson
_bNew Delhi
_c2008
300 _aXVII, 358p.
_b295
650 _aMECHANICAL
999 _c132718
_d132718